English"country trade" with the Philippines, 1644-1765

Guardat en:
Dades bibliogràfiques
Autor principal: Quiason, Serafin D.
Format: Llibre
Idioma:Undetermined
Publicat: Quezon City University Of The Philippines Press 1966
Matèries:
Etiquetes: Afegir etiqueta
Sense etiquetes, Sigues el primer a etiquetar aquest registre!
Thư viện lưu trữ: Trung tâm Học liệu Trường Đại học Cần Thơ
LEADER 00616nam a2200205Ia 4500
001 CTU_92871
008 210402s9999 xx 000 0 und d
082 |a 382.0942 
082 |b Q6 
100 |a Quiason, Serafin D. 
245 0 |a English"country trade" with the Philippines, 1644-1765 
245 0 |c Serafin D. Quiason 
260 |a Quezon City 
260 |b University Of The Philippines Press 
260 |c 1966 
650 |a Great britain,Philippines 
650 |x Commerce,Commerce 
650 |z Philippines,Great britain 
904 |i Tuyến 
980 |a Trung tâm Học liệu Trường Đại học Cần Thơ